Romans d'Haruki Murakami - Statistiques

Statistiques générales
  • Ce quiz a été pris 11 fois
  • Le résultat moyen est 11 sur 17
Answers on the Grid
Answers color-coded by a green-red scale on the quiz's grid according to % correct below.
Chroniques de l'oiseau à ressort
Underground
La course au mouton sauvage
Danse, danse, danse
1Q84
Des hommes sans femmes
Saules aveugles, femmes endormies
La fin des temps
Le passage de la nuit
Les amants du Spoutnik
Kafka sur le rivage
Abandonner un chat
La cité aux murs incertains
Première personne du singulier
L'incolore Tsukuru Tazaki et ses années de pèlerinage
Journal d'un chien
Audition
Lignes
Kyoko
Parasites
Raffles Hotel
Bleu presque transparent
La Guerre commence au-delà de la mer
Les Bébés de la consigne automatique
Chansons populaires de l'ère Showa
Topaze et autres nouvelles
1969
Dans les draps de la nuit
Et puis après
999 têtards
Amours nocturnes
Au sud de la frontière, à l'ouest du soleil
La ballade de l'impossible
 
Statistiques - réponses
Réponse % Correct
1Q84
100%
Kafka sur le rivage
86%
Les amants du Spoutnik
86%
Au sud de la frontière, à l'ouest du soleil
71%
Chroniques de l'oiseau à ressort
71%
La ballade de l'impossible
71%
L'incolore Tsukuru Tazaki et ses années de pèlerinage
71%
Danse, danse, danse
57%
Des hommes sans femmes
57%
La cité aux murs incertains
57%
La course au mouton sauvage
57%
La fin des temps
57%
Underground
57%
Abandonner un chat
43%
Le passage de la nuit
43%
Première personne du singulier
43%
Saules aveugles, femmes endormies
43%
Aucun quiz correspondant
Distribution des résultats
% des personnes avec chaque résultat
Percentile par nombre de réponses
Votre historique - résultats
Vous n’avez pas pris ce quiz